• 首页
  • 本馆介绍
  • 公告通知
  • 最新文献
  • 馆藏检索
  • 电子资源
  • 读者导购
  • 参考咨询
  • 我的图书馆
  • 登录
  • 详细信息显示
  • 放入我的书架
  • 预约/预借图书
  • 作者相关作品
  • 分类相关作品
  • 丛书相关作品
  • 出版社相关作品

书目信息

  • 表格格式
  • 工作单格式
  • 卡片格式
题名:
现代温室工程
    
 
作者: 周长吉 主编
分册:  
出版信息: 北京   化学工业出版社  2010
页数: 506页
开本: 24cm
丛书名:
单 册:
中图分类: TU261
科图分类:
主题词: 温室--农业建筑--建筑工程 , 温室 , 农业建筑 , 建筑工程
电子资源:
ISBN: 978-7-122-05972-7
000 00963nam0 2200277 45
001 1033110609
005 20100407095633.00
010    @a978-7-122-05972-7@dCNY70.00
100    @a20100122d2010 em y0chiy50 ea
101 0  @achi
102    @aCN@b110000
105    @aa z 000yy
106    @ar
200 1  @a现代温室工程@AXian Dai Wen Shi Gong Cheng@f周长吉主编@FZhou Chang Ji Zhu Bian
205    @a2版
210    @a北京@c化学工业出版社@d2010
215    @a506页@c图@d24cm
330    @a本书全面系统地介绍了现代温室建设的各个方面,主要内容包括:温室环境原理、温室建筑结构设计、透光覆盖材料选择与安装、温室环境调控设备与技术、温室无土栽培设施、温室内操作机具、温室投资效益分析以及温室建设的工程管理等。
606 0  @a温室@x农业建筑@x建筑工程
606 0  @a温室
606 0  @a农业建筑
606 0  @a建筑工程
690    @aTU261@v4
701  0 @a周长吉@AZhou Chang Ji@f(1964~)@4主编
801  0 @aCN@bTANGWEI@c20100407
905    @b0588545-48@dTU261@e531=2@f4
    
    现代温室工程/周长吉主编.-2版.-北京:化学工业出版社,2010
    506页:图;24cm
    
    
    ISBN 978-7-122-05972-7:CNY70.00
    本书全面系统地介绍了现代温室建设的各个方面,主要内容包括:温室环境原理、温室建筑结构设计、透光覆盖材料选择与安装、温室环境调控设备与技术、温室无土栽培设施、温室内操作机具、温室投资效益分析以及温室建设的工程管理等。
●
相关链接 在E读中查询图书 在五车中查询图书 在当当中查询图书 在豆瓣中查询图书


正题名:现代温室工程     索取号:TU261/531=2         预约/预借

序号 登录号 条形码 馆藏地/架位号 状态 备注
1 0588545   205885452   第二样本阅览室/ [索取号:TU261/531=2] 在馆    
2 0588546   205885461   第三借阅区/ [索取号:TU261/531=2] 在馆    
3 0588547   205885470   第三借阅区/ [索取号:TU261/531=2] 在馆    
4 0588548   205885489   第三借阅区/ [索取号:TU261/531=2] 在馆    
唐山师范学院图书馆 欢迎您!
大连网信软件有限公司© 版权所有